nom latin des arbres / plantes - Statistiques

Statistiques générales
  • Ce quiz a été pris 150 fois
    79 depuis la dernière actualisation
  • Le résultat moyen est 5 sur 15
Statistiques - réponses
nom français nom latin famille % Correct
Aulne glutineux Alnus glutinosa Betulaceae
100%
Hêtre Fagus sylvatica Fagaceae
100%
Peuplier hybride Populus Salicaceae
100%
Chêne pédonculé Quercus robur Fagaceae
100%
Pin sylvestre Pinus sylvestris pinaceae
86%
If commun Taxusbaccata Taxaceae
83%
Cornouiller mâle Cornus mas Cornaceae
80%
Erable champêtre Acer campestre Sapindaceae
71%
Poirier commun Pyrus communis Rosaceae
71%
Rosier des chiens Rosa canina Rosaceae
71%
Sorbier des oiseleurs Sorbus aucuparia Rosaceae
71%
Tilleul à feuilles cordées Tilia cordata Malvaceae
71%
Charme Carpinus betulus betulus
67%
Fusain d'Europe Euonymus europaeus Celastraceae
67%
Troène Ligustrum vulgare Oleaceae
67%
Peuplier noir Populus nigra Salicaceae
67%
Merisier Prunus avium Rosaceae
67%
Chêne pubescent Quercus pubescens Fagaceae
67%
Genévrier commun Juniperus communis Cupressaceae
60%
Robinier faux-acacia Robinia pseudoacacia Fabaceae
60%
Sureau noir Sambucus nigra Viburnaceae
60%
Frêne commun Fraxinus excelsior Oleaceae
57%
Lierre commun Hedera helix Araliaceae
57%
Viorne lantane Viburnum lantana Viburnaceae
57%
Sapin de Nordmann Abies nordmanniana pinaceae
50%
Erable plane Acer platanoides Sapindaceae
50%
Amélanchier à feuilles ovales Amelanchier ovalis Rosaceae
50%
Buis Buxus sempervirens Buxaceae
50%
Clématite vigne blanche Clematis vitalba Ranunculaceae
50%
Cornouiller sanguin Cornus sanguinea Cornaceae
50%
Aubépine monogyne Crataegus monogyna Rosaceae
50%
Bois joli Daphne mezereum Thymelaeaceae
50%
Châtaignier Castanea sativa Fagaceae
40%
Cèdre de l'Atlas Cedrus atlantica pinaceae
40%
Tulipier de Virginie Liriodendron tulipifera Magnoliaceae
40%
Tremble Populus tremula Salicaceae
40%
Coudrier Corylus avellana Betulaceae
38%
Bouleau verruqueux Betula pendula Betulaceae
33%
Genêt poilu Genista pilosa Fabaceae
33%
Pommier sauvage Malus sylvestris Rosaceae
33%
Pin à crochets Pinus uncinata pinaceae
33%
Peuplier blanc Populus alba Salicaceae
33%
Cerisier à grappes Prunus padus Rosaceae
33%
Chêne des marais Quercus palustris Fagaceae
33%
Saule blanc Salix alba Salicaceae
33%
Saule marsault Salix caprea Salicaceae
33%
Saule pourpre Salix purpurea Salicaceae
29%
Callune Calluna vulgaris Ericaceae
25%
Houx commun Ilex aquifolium Aquifoliaceae
25%
Noyer noir Juglans nigra Juglandaceae
25%
Pin noir d'Autriche Pinus nigra pinaceae
25%
Rosier des champs Rosa arvensis Rosaceae
25%
Ronce à feuilles d'orme Rubus ulmifolius Rosaceae
25%
Séquoia toujours vert Sequoia sempervirens Cupressaceae
25%
Liquidambar Liquidambar styraciflua Altingiaceae
20%
Chèvrefeuille des bois Lonicera periclymenum Caprifoliaceae
20%
Pin weymouth Pinus strobus pinaceae
20%
Douglas Pseudotsuga menziesii pinaceae
20%
Saule cendré Salix cinerea Salicaceae
20%
Tilleul à grandes feuilles Tilia platyphyllos Malvaceae
18%
Epine-vinette Berberis vulgaris Berberidaceae
17%
Noyer commun Juglans regia Juglandaceae
17%
Mélèze d'Europe Larix decidua pinaceae
17%
Chèvrefeuilledes Alpes Lonicera alpigena Caprifoliaceae
17%
Pin d'Alep Pinus halepensis pinaceae
17%
Prunellier Prunus spinosa Rosaceae
17%
Chêne sessile Quercus petraea Fagaceae
17%
Nerprun des Alpes Rhamnus alpina Rhamnaceae
17%
Groseillier des Alpes Ribes alpinum Grossulariaceae
17%
Alisier torminal Torminalis glaberrima Rosaceae
17%
Viorne obier Viburnum opulus Viburnaceae
17%
Néflier Crataegus germanica Rosaceae
14%
Myrtille Vaccinium myrtillus Ericaceae
14%
Erable à feuilles d'obier Acer opalus Sapindaceae
11%
Nerprun purgatif Rhamnus cathartica Rhamnaceae
10%
Orme des montagnes Ulmus glabra Ulmaceae
10%
Sapin pectiné Abies alba pinaceae
0%
Sapin de Vancouver Abies grandis pinaceae
0%
Erable à feuilles de frêne Acer negundo Sapindaceae
0%
Erable sycomore Acer pseudoplatanus Sapindaceae
0%
Marronnier d'Inde Aesculus hippocastanum Sapindaceae
0%
Alisier blanc Aria edulis Rosaceae
0%
Bouleau pubescent Betula pubescens Betulaceae
0%
Cyprès de Lawson Chamaecyparis lawsoniana Cupressaceae
0%
Cormier Cormus domestica Rosaceae
0%
Aubépine commune Crataegus laevigata Rosaceae
0%
Cytise Cytisus decumbens Fabaceae
0%
Genêt à balai Cytisus scoparius Fabaceae
0%
Lauréole Daphne laureola Thymelaeaceae
0%
Bourdaine Frangula alnus Rhamnaceae
0%
Frêne oxyphylle Fraxinus angustifolia Oleaceae
0%
Coronille arbrisseau Hippocrepis emerus Fabaceae
0%
Mélèze du Japon Larix kaempferi pinaceae
0%
Camerisier noir Lonicera nigra Caprifoliaceae
0%
Camerisier à balai Lonicera xylosteum Caprifoliaceae
0%
Epicéa commun Picea abies pinaceae
0%
Epicéa de Sitka Picea sitchensis pinaceae
0%
Pin cembro Pinus cembra pinaceae
0%
Pin laricio de Calabre Pinus nigra laricio calabria pinaceae
0%
Pin laricio de Corse Pinus nigra Laricio corsicana pinaceae
0%
Cerisier de Sainte Lucie Prunus mahaleb Rosaceae
0%
Chêne rouge d'Amérique Quercus rubra Fagaceae
0%
Groseillier rouge Ribes rubrum Grossulariaceae
0%
Groseillier à maquereau Ribes uva-crispa Grossulariaceae
0%
Ronce bleuâtre Rubus caesius Rosaceae
0%
Framboisier Rubus idaeus Rosaceae
0%
Ronce des bois Rubus silvaticus Rosaceae
0%
Fragon Ruscus aculeatus Asparagaceae
0%
Saule à oreillettes Salix aurita Salicaceae
0%
Sureau à grappes Sambucus racemosa Viburnaceae
0%
Séquoia géant Sequoiadendron giganteum Cupressaceae
0%
Cyprès chauve Taxodium distichum Cupressaceae
0%
Thuya géant Thuja plicata Cupressaceae
0%
Ajonc d'Europe Ulex europaeus Fabaceae
0%
Orme champêtre Ulmus minor Ulmaceae
0%
Gui Viscum album Viscaceae
0%
Aucun quiz correspondant
Distribution des résultats
% des personnes avec chaque résultat
Percentile par nombre de réponses
Votre historique - résultats
Vous n’avez pas pris ce quiz depuis la dernière actualisation